000
00252nam a2200109Ia 4500
008
220204s9999 xx 000 0 und d
082
_a
82-3SIL
_b
THO
100
_a
Thornton, Carolyn
245
0
_a
Looking glass love
260
_b
Silhouette
942
_c
BK
999
_c
37885
_d
37885